Movies Quiz / Johnny Depp Movie by Image

Random Movies Quiz

Results

Quiz Updated Aug 2, 2012

Challenge
Share
Tweet
Score 0/20 Timer 05:00
0 Plays Today
Movie % Correct
Edward Scissorhands
95.7%
Alice in Wonderland
94.8%
Charlie and the Chocolate Factory
90.9%
Pirates of the Caribbean
90.7%
Sweeney Todd: The Demon Barber of Fleet Street
68.2%
Sleepy Hollow
49.3%
Dark Shadows
47.9%
Fear and Loathing in Las Vegas
46.9%
Public Enemies
46.1%
What's Eating Gilbert Grape
43.6%
Movie % Correct
Secret Window
41.2%
Ed Wood
37.2%
Blow
32.2%
Chocolat
29.4%
A Nightmare on Elm Street
27.8%
Finding Neverland
21.6%
Platoon
19.6%
The Tourist
19.4%
From Hell
16.1%
The Imaginarium of Doctor Parnassus
11.6%
 
Number % Answered
20 (all)
2.6%
18-19
4.1%
16-17
5.7%
14-15
7.8%
12-13
10.4%
10-11
12.9%
8-9
15.5%
6-7
16.8%
4-5
16%
2-3
6.3%
1-1
1.9%

You're not logged in!

Compare scores with friends on all Sporcle quizzes.
Sign Up with Email
OR
Log In

You Might Also Like...

Show Comments

Extras


Your Account Isn't Verified!

In order to create a playlist on Sporcle, you need to verify the email address you used during registration. Go to your Sporcle Settings to finish the process.